01171cam a22002771 4500001001300000003000400013005001700017008004100034010001700075035002000092040002600112042001200138050002700150051001700177100003400194245007600228260009100304300003000395501020700425650002300632700004500655740006200700740004700762830006700809999001700876e 57000003 DLC20260227111236.0820424s1956 dcua 000 0 eng  ae 57000003  a(OCoLC)16764437 aDLCcOrPSdOCoLCdDLC apremarc00aL111b.A6 1955, no. 13 aLC3969b.M321 aMackie, Romaine Prior,d1898-10aDirectors and supervisors of special education in local school systems; aWashington]bU.S. Dept. of Health, Education, and Welfare, Office of Educationc[1956] axi, 72 p.billus.c24 cm. aCopies 1 and 2 of L111.A6 with: Annotated bibliography for teachers of English as a foreign language / Robert Lado. Washington : Govt. Print. Office, 1955. Bound together subsequent to publication.5DLC 0aSpecial education.1 aEngel, Anna Marie,d1882-ejoint author.0 aSupervisors of special education in local school systems.0 aSpecial education in local school systems. 0aBulletin (United States. Office of Education) ;v1955, no. 13. c22263d22263